|
|
|
|
| LEADER |
01038nab a2200265 i 4500 |
| 001 |
publ22817 |
| 005 |
20211105083229.0 |
| 008 |
211105s2021 hu o 0|| Angol d |
| 022 |
|
|
|a 2050-7283
|
| 024 |
7 |
|
|a 10.1186/s40359-021-00660-0
|2 doi
|
| 024 |
7 |
|
|a 32461494
|2 mtmt
|
| 040 |
|
|
|a SZTE Publicatio Repozitórium
|b hun
|
| 041 |
|
|
|a Angol
|
| 100 |
1 |
|
|a Helter Tímea Mariann
|
| 245 |
1 |
0 |
|a Internal and external aspects of freedom of choice in mental health
|h [elektronikus dokumentum] :
|b cultural and linguistic adaptation of the Hungarian version of the Oxford CAPabilities questionnaire—Mental Health (OxCAP-MH) /
|c Helter Tímea Mariann
|
| 260 |
|
|
|c 2021
|
| 300 |
|
|
|a Terjedelem: 14-Azonosító: 161
|
| 490 |
0 |
|
|a BMC PSYCHOLOGY
|v 9 No. 1
|
| 650 |
|
4 |
|a Klinikai orvostan
|
| 700 |
0 |
1 |
|a Kovács Ildikó
|e aut
|
| 700 |
0 |
1 |
|a Kanka Andor
|e aut
|
| 700 |
0 |
1 |
|a Varga Orsolya
|e aut
|
| 700 |
0 |
1 |
|a Kálmán János
|e aut
|
| 700 |
0 |
1 |
|a Simon Judit
|e aut
|
| 856 |
4 |
0 |
|u http://publicatio.bibl.u-szeged.hu/22817/1/s40359-021-00660-0.pdf
|z Dokumentum-elérés
|